| 000 | 00975nam a2200253 i 4500 | ||
|---|---|---|---|
| 001 | 7519 | ||
| 003 | ES-MaACL | ||
| 005 | 20250630032851.0 | ||
| 007 | t| | ||
| 008 | 910125s1982 sp ||||1| spa d | ||
| 020 | _a84-500-7638-2 | ||
| 080 | _a332.1(46)"17/18" | ||
| 100 | 1 |
_aSantillán, Ramón. _9103419 |
|
| 245 | 1 | 0 |
_aMemoria historica sobre los bancos [Nacional de San Carlos, Español de San Fernando, Isabel II, Nuevo de San Fernando, y de España] / _cRamon Santillan ; prologo de Pedro Tedde de Lorca. |
| 260 |
_aMadrid : _bBanco de España, _c1982. |
||
| 300 |
_aXVII, 299, 298 p. ; _c23 cm. |
||
| 500 | _aReedicion con motivo del bicentenario del Banco de San Carlos, de la ed. de Madrid de 1865. | ||
| 500 | _a2 tomos en 1 vol. | ||
| 610 | 1 | 7 |
_aBanco de España- _vHistoria. _92105 |
| 700 | 1 |
_aTedde de Lorca, Pedro. _9109503 |
|
| 710 | 2 |
_aBanco de España _92104 |
|
| 852 |
_aES-MaACL _jL-14742 _bR.115295 _z. - rust. |
||
| 999 |
_c7519 _d7519 |
||